[Event "I Weekend B"]
[Site "Noale ITA"]
[Date "2008.02.10"]
[Round "4"]
[White "Chiesa, Roberto"]
[Black "Sorbera, Giovanni"]
[Result "0-1"]
[WhiteElo "1733"]
[BlackElo "1848"]
[PlyCount "100"]
[EventDate "2008.02.08"]

1. d4 Nf6 2. c4 c5 3. d5 b5 4. cxb5 a6 5. bxa6 g6 6. Nc3 Bxa6 7. Nf3 Bg7 8. g3
O-O 9. Bg2 d6 10. Rb1 Nbd7 11. O-O Rb8 12. Re1 Qc7 13. b3 Ng4 14. Na4 Bb5 15.
Nb2 Qa7 16. a4 Ba6 17. h3 Nge5 18. Be3 Qb7 19. Nd2 Nb6 20. f4 Ned7 21. Ndc4
Nxc4 22. Nxc4 Bxc4 23. bxc4 Qa6 24. Rb5 Rxb5 25. axb5 Qa2 26. Qd3 Ra8 27. Rc1
Ra3 28. Qd2 Qb3 29. Qd3 Qa4 30. Qd2 Rb3 31. Be4 Qa3 32. Bd3 Nb6 33. Bf2 Rb2 34.
Qd1 Ra2 35. Kg2 Na4 36. Rc2 Ra1 37. Qd2 Kf8 38. Qa5 Bf6 39. g4 Bc3 40. Qd8+ Kg7
41. Qxe7 Qb4 42. Be3 Bf6 43. Qxd6 Qe1 44. Rc1 Rxc1 45. Bxc1 Qxc1 46. f5 Bd4 47.
f6+ Bxf6 48. Kf3 Qf1+ 49. Kg3 Bh4+ 50. Kxh4 Qf2+ 0-1

[Event "I Weekend B"]
[Site "Noale ITA"]
[Date "2008.02.10"]
[Round "4"]
[White "De Col, Daniele"]
[Black "Simionato, Jessica"]
[Result "1-0"]
[WhiteElo "1427"]
[BlackElo "1389"]
[PlyCount "77"]
[EventDate "2008.02.08"]

1. Nf3 d5 2. d4 Bg4 3. Nbd2 Nc6 4. c3 Nf6 5. Qc2 e6 6. e4 Bxf3 7. gxf3 Bd6 8.
Bb5 Bf4 9. e5 Nh5 10. h4 f6 11. exf6 Qxf6 12. Bxc6+ bxc6 13. Nb3 Bxc1 14. Qxc1
Qxf3 15. Rg1 Nf4 16. Qe3 Nd3+ 17. Kd2 Qxe3+ 18. fxe3 Nxb2 19. Rxg7 Nc4+ 20. Kd3
O-O-O 21. Nc5 Rdf8 22. Nxe6 Rf3 23. Rxc7+ Kb8 24. Rb1+ Nb6 25. Rxc6 Rf6 26. a4
Re8 27. Nc7 Rxc6 28. Nxe8 Kc8 29. a5 Na4 30. Rb3 Ra6 31. Rb5 Rc6 32. Rxd5 Rxc3+
33. Ke4 Rc6 34. Nd6+ Kb8 35. Nb5 a6 36. Rd8+ Rc8 37. Rxc8+ Kxc8 38. Nd6+ Kd7
39. Ke5 1-0

[Event "I Weekend B"]
[Site "Noale ITA"]
[Date "2008.02.10"]
[Round "4"]
[White "De Nardi, Riccardo"]
[Black "Battagin, Mose'"]
[Result "1-0"]
[WhiteElo "1959"]
[BlackElo "1839"]
[PlyCount "77"]
[EventDate "2008.02.08"]

1. e4 d6 2. d4 Nf6 3. Nc3 g6 4. Be3 Bg7 5. f3 c6 6. Qd2 O-O 7. O-O-O b5 8. Kb1
Qa5 9. Nd5 Nxd5 10. Qxa5 Nxe3 11. Re1 Nxf1 12. Rxf1 Bxd4 13. Ne2 Bb6 14. Qd2
Kg7 15. h4 h6 16. h5 g5 17. f4 f6 18. fxg5 hxg5 19. h6+ Kh8 20. Rh5 Rg8 21. h7
Rg7 22. Rfh1 Bg4 23. Rh6 Nd7 24. Ng3 Rf8 25. Nh5 Bxh5 26. R6xh5 Rff7 27. Qd3
Ne5 28. Qh3 g4 29. Qg3 Nc4 30. Qd3 Ne5 31. Qf1 e6 32. Rh6 Ng6 33. Qd3 Bc5 34.
Qg3 Ne5 35. Qh4 Be3 36. Rh5 Bg5 37. Qf2 a5 38. Qb6 f5 39. Qb8+ 1-0

[Event "I Weekend B"]
[Site "Noale ITA"]
[Date "2008.02.10"]
[Round "4"]
[White "Forato, Sergio Paolo"]
[Black "Demiraj, Rumi"]
[Result "1-0"]
[WhiteElo "1634"]
[BlackElo "1892"]
[PlyCount "118"]
[EventDate "2008.02.08"]

1. c4 e5 2. Nc3 Nf6 3. Nf3 Nc6 4. e3 Be7 5. d4 exd4 6. exd4 d5 7. c5 O-O 8. Be2
b6 9. cxb6 axb6 10. O-O Bb7 11. Bf4 Bd6 12. Bxd6 Qxd6 13. a3 Rad8 14. Rc1 Na7
15. Qa4 Ra8 16. Qc2 c5 17. Na4 c4 18. Ne5 Nb5 19. Nf3 Nc7 20. Rfe1 Ne6 21. Nc3
Bc6 22. Rcd1 Ne4 23. Nxe4 dxe4 24. Nd2 Ba4 25. Qxe4 Bxd1 26. Nxc4 Qxd4 27. Qxd4
Nxd4 28. Bxd1 Rfe8 29. Rxe8+ Rxe8 30. Kf1 b5 31. Ne3 f5 32. Nd5 Kf7 33. Nf4 g5
34. Bh5+ Kf8 35. Bxe8 Kxe8 36. Ne2 Ne6 37. Ke1 Kd7 38. Kd1 Kc6 39. Kd2 h5 40.
Kd3 Nc5+ 41. Kd4 Kd6 42. Ng3 Ne6+ 43. Kc3 Ng7 44. b3 h4 45. Ne2 g4 46. a4 bxa4
47. bxa4 Ne6 48. g3 hxg3 49. fxg3 Kd5 50. Nf4+ Nxf4 51. gxf4 Ke4 52. a5 Kxf4
53. a6 Kf3 54. a7 Kg2 55. a8=Q+ Kxh2 56. Qf8 g3 57. Qxf5 g2 58. Qf4+ Kh3 59.
Qf3+ Kh2 1-0

[Event "I Weekend B"]
[Site "Noale ITA"]
[Date "2008.02.10"]
[Round "4"]
[White "Franceschini, Corrado"]
[Black "Patuelli, Matteo"]
[Result "1-0"]
[WhiteElo "1614"]
[BlackElo "1419"]
[PlyCount "63"]
[EventDate "2008.02.08"]

1. e4 g6 2. d4 d6 3. Be3 Bg7 4. Nf3 Nf6 5. Bd3 O-O 6. h3 e5 7. Qd2 Ne8 8. g4
exd4 9. Bxd4 Bxd4 10. Nxd4 c5 11. Ne2 Nc6 12. Nbc3 Ne5 13. Ng1 c4 14. Be2 a6
15. O-O-O b5 16. f4 Nd7 17. f5 Bb7 18. Nf3 Nc5 19. e5 Bxf3 20. Bxf3 Ra7 21. f6
Kh8 22. Ne4 Nxe4 23. Bxe4 Rd7 24. Bc6 Rc7 25. Bxe8 Rxe8 26. Qh6 Rg8 27. Rxd6
Qa8 28. Rhd1 Rcc8 29. Rd7 Rcf8 30. e6 Qe8 31. e7 Qc8 32. Rd8 1-0

[Event "I Weekend B"]
[Site "Noale ITA"]
[Date "2008.02.10"]
[Round "4"]
[White "Goattin, Luca"]
[Black "Tomio, Dante"]
[Result "1/2-1/2"]
[WhiteElo "1774"]
[BlackElo "1947"]
[PlyCount "74"]
[EventDate "2008.02.08"]

1. e4 c5 2. Nf3 d6 3. d4 cxd4 4. Nxd4 Nf6 5. Nc3 e6 6. Bg5 Be7 7. f4 O-O 8. Qf3
a6 9. g4 Qc7 10. O-O-O b5 11. Bxf6 Bxf6 12. g5 Bxd4 13. Rxd4 Nc6 14. Rd2 b4 15.
Na4 Bb7 16. Bd3 Nd4 17. Qf2 e5 18. Kb1 f5 19. gxf6 Rxf6 20. f5 Nxf5 21. Rg1 Bc6
22. b3 Re8 23. exf5 e4 24. Bc4+ Kh8 25. Qb6 Qxb6 26. Nxb6 e3 27. Re2 Rxf5 28.
Bd3 Rf6 29. Nc4 d5 30. Nxe3 Rfe6 31. Rge1 Bb5 32. Kc1 Bxd3 33. cxd3 d4 34. Kd2
dxe3+ 35. Rxe3 Rxe3 36. Rxe3 Rf8 37. Re5 h6 1/2-1/2

[Event "I Weekend B"]
[Site "Noale ITA"]
[Date "2008.02.10"]
[Round "4"]
[White "Kove, Sotis"]
[Black "Bevilacqua, Paride"]
[Result "1-0"]
[WhiteElo "1401"]
[BlackElo "1443"]
[PlyCount "57"]
[EventDate "2008.02.08"]

1. e4 d6 2. d4 Nf6 3. Bd3 g6 4. Nf3 Bg7 5. O-O O-O 6. h3 Nc6 7. c3 e5 8. d5 Ne7
9. c4 c6 10. Nc3 cxd5 11. cxd5 Bd7 12. Be3 Nc8 13. Rc1 Nh5 14. Qd2 Qf6 15. Bg5
Bh6 16. Bxh6 Re8 17. Nh4 Nf4 18. Bxf4 Qxf4 19. Qxf4 exf4 20. Nf3 Nb6 21. Rfe1
Rac8 22. Ne2 Rb8 23. Nxf4 a6 24. Nd4 f6 25. b3 g5 26. Nh5 Re5 27. Nxf6+ Kg7 28.
Nxd7 Nxd7 29. Nf5+ 1-0

[Event "I Weekend B"]
[Site "Noale ITA"]
[Date "2008.02.10"]
[Round "4"]
[White "Mazzella, Riccardo"]
[Black "Lucich, Gianni"]
[Result "1-0"]
[WhiteElo "1374"]
[BlackElo "1565"]
[PlyCount "55"]
[EventDate "2008.02.08"]

1. d4 d5 2. c4 c6 3. Nf3 Nf6 4. Bg5 Bf5 5. e3 e6 6. c5 Be7 7. Qb3 Qc7 8. Bd3
Bxd3 9. Qxd3 Nbd7 10. O-O O-O 11. b4 Rfe8 12. Nbd2 a6 13. Bf4 Qd8 14. Ng5 h6
15. Ngf3 Nh5 16. Bxh6 gxh6 17. Qe2 Ng7 18. a4 Bf6 19. Ra3 e5 20. Nb3 exd4 21.
Nbxd4 Qe7 22. Rd1 Ne5 23. h3 Nc4 24. Rad3 Kh8 25. Nh2 Rg8 26. Ng4 h5 27. Nh6
Qe6 28. Nxe6 1-0

[Event "I Weekend B"]
[Site "Noale ITA"]
[Date "2008.02.10"]
[Round "4"]
[White "Scandiuzzi, Roberto"]
[Black "Zen, Gianni"]
[Result "0-1"]
[WhiteElo "1410"]
[BlackElo "1449"]
[PlyCount "62"]
[EventDate "2008.02.08"]

1. d4 g6 2. Nf3 Bg7 3. c4 Nf6 4. Nc3 d6 5. e4 O-O 6. Be2 b6 7. O-O c5 8. d5 Bg4
9. Ne1 Bxe2 10. Qxe2 Nbd7 11. Nd3 Re8 12. f3 Nh5 13. Bd2 e6 14. Rab1 Ne5 15. b3
Nxd3 16. Qxd3 Qh4 17. Ne2 exd5 18. cxd5 Be5 19. f4 Bg7 20. Bc3 Qe7 21. Bxg7
Kxg7 22. Ng3 Nxg3 23. Qxg3 Qxe4 24. Qc3+ Kg8 25. Qc4 Qe3+ 26. Kh1 Qd2 27. Kg1
Re2 28. Qxe2 Qxe2 29. Rbe1 Qxa2 30. f5 Qxb3 31. f6 h5 0-1

[Event "I Weekend B"]
[Site "Noale ITA"]
[Date "2008.02.10"]
[Round "4"]
[White "Zabeo, Gianpaolo"]
[Black "Rigato, Leonardo"]
[Result "0-1"]
[WhiteElo "1443"]
[BlackElo "1583"]
[PlyCount "110"]
[EventDate "2008.02.08"]

1. d4 Nf6 2. Nf3 g6 3. Bd2 Bg7 4. Bc3 d6 5. Nbd2 O-O 6. e4 Bg4 7. Be2 Re8 8. h3
Bd7 9. e5 Nd5 10. Ne4 Nf4 11. Bf1 Bc6 12. Nfd2 f5 13. Ng3 Nxg2+ 14. Bxg2 Bxg2
15. Rg1 Bxh3 16. Rh1 Bg2 17. Rh2 Bc6 18. f4 Nd7 19. Qe2 Nb6 20. O-O-O Nd5 21.
Nh5 Nxc3 22. bxc3 dxe5 23. fxe5 Qd5 24. Nxg7 Kxg7 25. Rg1 Rh8 26. Qh5 Qf7 27.
Rhg2 Bxg2 28. Rxg2 Kf8 29. Qf3 c6 30. c4 e6 31. Nb3 Rd8 32. Qc3 Qe7 33. c5 Qh4
34. Rd2 Kf7 35. Qa5 a6 36. Qc7+ Qe7 37. Qb6 h5 38. Na5 Rd7 39. Nc4 h4 40. Nd6+
Kg7 41. Qb3 g5 42. d5 cxd5 43. Rxd5 g4 44. Rd1 h3 45. Qg3 h2 46. Rh1 Qg5+ 47.
Kb2 Rh3 48. Qf2 Qe3 49. Qxe3 Rxe3 50. Rxh2 Rxe5 51. Rd2 Kg6 52. Kb3 Rxc5 53.
Kb4 Rd5 54. Rxd5 exd5 55. Kc5 Rxd6 0-1

[Event "I Weekend B"]
[Site "Noale ITA"]
[Date "2008.02.10"]
[Round "4"]
[White "Zanetto, Marco"]
[Black "Facchetti, Lorenzo"]
[Result "0-1"]
[WhiteElo "1812"]
[BlackElo "1674"]
[PlyCount "88"]
[EventDate "2008.02.08"]

1. e4 c6 2. d4 d5 3. Nc3 dxe4 4. Nxe4 Bf5 5. Ng3 Bg6 6. Nh3 h6 7. Bc4 e6 8. O-O
Bd6 9. Bf4 Nf6 10. Re1 O-O 11. Bd3 Bxd3 12. Qxd3 Nd5 13. Bxd6 Qxd6 14. Ne4 Qc7
15. c4 Ne7 16. Rad1 Nd7 17. Qc3 Rad8 18. Rd3 c5 19. d5 exd5 20. cxd5 Qe5 21.
Qd2 c4 22. f4 Qf5 23. d6 Nc6 24. Rd5 Qh7 25. Nhf2 Nb6 26. Rh5 Qg6 27. Rh3 f5
28. Rg3 Qe6 29. Nc5 Qxd6 30. Qxd6 Rxd6 31. Nxb7 Rd2 32. Nc5 Nd4 33. Nd1 Ne2+
34. Rxe2 Rxe2 35. Kf1 Rfe8 36. Nc3 Rxb2 37. Nd1 Rd2 38. Nc3 Nd5 39. Nd7 Nxc3
40. Nf6+ Kf7 41. Nxe8 Rd1+ 42. Kf2 Ne4+ 43. Ke2 Rd2+ 44. Kf1 Nxg3+ 0-1

[Event "I Weekend B"]
[Site "Noale ITA"]
[Date "2008.02.10"]
[Round "5"]
[White "Battagin, Mose'"]
[Black "Civitareale, Alberto"]
[Result "1-0"]
[WhiteElo "1839"]
[BlackElo "1682"]
[PlyCount "143"]
[EventDate "2008.02.08"]

1. e4 e5 2. Nf3 Nc6 3. Bc4 Bc5 4. d3 Nf6 5. Nc3 d6 6. Bg5 Be6 7. Bb5 a6 8.
Bxc6+ bxc6 9. d4 exd4 10. Nxd4 Bd7 11. O-O O-O 12. Qd3 Re8 13. Rad1 Qe7 14. Nb3
Bb6 15. Rde1 Qe5 16. Qd2 Ng4 17. Bf4 Qe7 18. Nd4 Ne5 19. Rb1 Nc4 20. Qd3 Ne5
21. Qd1 Qf6 22. Bg3 Ng4 23. Nxc6 h5 24. Nd5 Qe6 25. Nxb6 cxb6 26. Nb4 Qxe4 27.
Nd5 Bc6 28. c4 Qxc4 29. Nc7 Qe4 30. f3 Qe3+ 31. Kh1 Ne5 32. Bxe5 dxe5 33. Nxa8
Bxa8 34. Re1 Qf4 35. Qc1 Qxc1 36. Rbxc1 Bb7 37. Kg1 f6 38. Red1 Re7 39. Kf2 Kf7
40. Rd2 g6 41. Rcd1 Bc6 42. Rc1 Re6 43. Rdc2 Bb5 44. Rc7+ Re7 45. Rxe7+ Kxe7
46. h4 Kd6 47. Ke3 Bc6 48. g4 f5 49. gxh5 gxh5 50. Rg1 f4+ 51. Kf2 Be8 52. Rc1
Bd7 53. Rg1 Be8 54. Rg5 Ke6 55. Rg7 Bf7 56. Rh7 Ke7 57. Rh6 Be6 58. Rxh5 Bxa2
59. Rxe5+ Kf6 60. Rg5 b5 61. Rg1 Bf7 62. Ra1 Kf5 63. Rxa6 Bc4 64. Rb6 Bd3 65.
h5 Kg5 66. h6 Kh5 67. Rxb5+ Kxh6 68. Re5 Kg6 69. b4 Kf6 70. Rc5 Ke6 71. Rc1 Kd5
72. Rd1 1-0

[Event "I Weekend B"]
[Site "Noale ITA"]
[Date "2008.02.10"]
[Round "5"]
[White "Bevilacqua, Paride"]
[Black "Scandiuzzi, Roberto"]
[Result "1-0"]
[WhiteElo "1443"]
[BlackElo "1410"]
[PlyCount "97"]
[EventDate "2008.02.08"]

1. e4 e6 2. Nf3 d5 3. exd5 exd5 4. Nc3 Nf6 5. d4 a6 6. Bd3 Bd6 7. Be3 Bg4 8. h3
Bh5 9. Qe2 Nc6 10. Bh6+ Qe7 11. Bxg7 Qxe2+ 12. Bxe2 Rg8 13. Bxf6 Rxg2 14. O-O-O
Be7 15. Bxe7 Nxe7 16. Nh4 Bxe2 17. Nxg2 Bxd1 18. Rxd1 O-O-O 19. Ne2 Rg8 20. Rg1
Nf5 21. c3 c6 22. Ngf4 Rxg1+ 23. Nxg1 Kd7 24. Nf3 h6 25. Kc2 Ke7 26. Kb3 b6 27.
Ka4 Nd6 28. b3 Nb5 29. c4 dxc4 30. bxc4 Nc3+ 31. Kb3 Ne4 32. Nd3 Ke6 33. a4 a5
34. Kc2 f6 35. Nh4 Nd6 36. Nf4+ Kf7 37. Kd3 f5 38. f3 Kf6 39. c5 bxc5 40. dxc5
Nc8 41. Kc4 Ne7 42. Nhg2 Ke5 43. Nh5 Ng6 44. Ng7 Kf6 45. Ne8+ Ke6 46. Nd6 Ke5
47. Nb7 Nf4 48. Nh4 Nxh3 49. Nxa5 1-0

[Event "I Weekend B"]
[Site "Noale ITA"]
[Date "2008.02.10"]
[Round "5"]
[White "Demiraj, Rumi"]
[Black "Ballarin, Pietro"]
[Result "1/2-1/2"]
[WhiteElo "1892"]
[BlackElo "1625"]
[PlyCount "104"]
[EventDate "2008.02.08"]

1. e4 e5 2. Bc4 Nf6 3. d3 c6 4. Bb3 Bc5 5. Nf3 d6 6. O-O O-O 7. Bg5 Nbd7 8.
Nbd2 Re8 9. c3 b5 10. d4 Bb6 11. d5 Bb7 12. c4 Nc5 13. dxc6 Bxc6 14. cxb5 Bxb5
15. Nc4 Ncxe4 16. Bxf6 Qxf6 17. Qd5 Bxc4 18. Bxc4 Nc5 19. b4 Na4 20. Rac1 Rac8
21. Bb5 Bxf2+ 22. Kh1 Rxc1 23. Rxc1 Nb6 24. Qd2 Rd8 25. Qxf2 e4 26. Rc7 exf3
27. gxf3 Qa1+ 28. Kg2 Qe5 29. a4 Nd5 30. Rxa7 Nxb4 31. Qh4 Qb2+ 32. Kh3 Rf8 33.
Rb7 Qc3 34. Be2 d5 35. Qxb4 Qc8+ 36. Kg2 h6 37. a5 d4 38. Bd3 Rd8 39. a6 Qc1
40. Qb2 Qg5+ 41. Kh1 Qe3 42. Be4 d3 43. Rd7 Rc8 44. Qc3 Rb8 45. Rb7 Rd8 46. Rb2
f5 47. Qc4+ Kh8 48. Qc7 Re8 49. Rb7 Rg8 50. Rb8 fxe4 51. Rxg8+ Kxg8 52. Qc8+
Kh7 1/2-1/2

[Event "I Weekend B"]
[Site "Noale ITA"]
[Date "2008.02.10"]
[Round "5"]
[White "Facchetti, Lorenzo"]
[Black "Sorbera, Enrico"]
[WhiteElo "1674"]
[BlackElo "1720"]
[Result "0-1"]
[PlyCount "68"]
[EventDate "2008.02.08"]

1. d4 d6 2. c4 Nf6 3. Nc3 c6 4. e4 Nbd7 5. Nf3 e5 6. Be2 Qc7 7. O-O Be7 8. h3
O-O 9. Bg5 h6 10. Be3 Re8 11. Qc2 a6 12. a4 Rb8 13. Rac1 Qa5 14. Bd2 Qb6 15.
Be3 Qc7 16. Rfd1 Nf8 17. Bf1 Bd7 18. Rd2 Ng6 19. Rdd1 Nh7 20. dxe5 dxe5 21. a5
Qc8 22. Na4 Be6 23. Ba7 b5 24. Bxb8 bxa4 25. Bxe5 Ng5 26. Bg3 Nxf3+ 27. gxf3
Bxh3 28. Bxh3 Qxh3 29. Qe2 Bg5 30. Rc3 Nf4 31. Qf1 Qh5 32. Bxf4 Bxf4 33. Qd3
Qh3 34. Qd7 Re6 0-1

[Event "I Weekend B"]
[Site "Noale ITA"]
[Date "2008.02.10"]
[Round "5"]
[White "Forato, Sergio Paolo"]
[Black "Castellano, Alfonso"]
[Result "0-1"]
[WhiteElo "1634"]
[BlackElo "1936"]
[PlyCount "44"]
[EventDate "2008.02.08"]

1. c4 Nf6 2. Nc3 g6 3. g3 Bg7 4. Bg2 c6 5. e4 e5 6. Nge2 d6 7. O-O Be6 8. d3
O-O 9. h3 Qd7 10. Kh2 Na6 11. Be3 d5 12. cxd5 cxd5 13. d4 exd4 14. Nxd4 dxe4
15. Re1 Rfe8 16. Nxe4 Nxe4 17. Bxe4 Bxh3 18. Bxb7 Qxb7 19. Kxh3 Rad8 20. Qa4
Nc5 21. Qc6 Bxd4 22. Qxb7 Nxb7 0-1

[Event "I Weekend B"]
[Site "Noale ITA"]
[Date "2008.02.10"]
[Round "5"]
[White "Mancin, Michele"]
[Black "Bagolin, Renzo"]
[WhiteElo "1782"]
[BlackElo "1866"]
[Result "1/2-1/2"]
[PlyCount "88"]
[EventDate "2008.02.08"]

1. e4 d6 2. d4 Nf6 3. Nc3 g6 4. Bg5 Bg7 5. Nf3 O-O 6. Bc4 h6 7. Be3 Nc6 8. a3
e5 9. dxe5 Nxe5 10. Nxe5 dxe5 11. Bc5 Qxd1+ 12. Rxd1 Re8 13. O-O Bd7 14. f3 Bc6
15. Rd2 Rad8 16. Rfd1 Rxd2 17. Rxd2 b6 18. Be3 g5 19. Bb5 Re6 20. Bxc6 Rxc6 21.
Kf2 Bf8 22. Ke2 Bxa3 23. Nd1 Bd6 24. c3 a5 25. Nf2 Kf8 26. Nd3 Ke7 27. Rd1 b5
28. Rc1 a4 29. Kd2 Ke6 30. Rc2 Nd7 31. g4 Nb6 32. Bxb6 cxb6 33. Nb4 Bxb4 34.
cxb4 Rc4 35. Rxc4 bxc4 36. Kc3 b5 37. Kc2 h5 38. h3 Kf6 39. Kc3 Kg6 40. Kd2 f6
41. Kc2 h4 42. Kc3 f5 43. Kc2 Kf6 44. Kc3 Ke6 1/2-1/2

[Event "I Weekend B"]
[Site "Noale ITA"]
[Date "2008.02.10"]
[Round "5"]
[White "Mazzella, Riccardo"]
[Black "Kove, Sotis"]
[Result "0-1"]
[WhiteElo "1374"]
[BlackElo "1401"]
[PlyCount "66"]
[EventDate "2008.02.08"]

1. d4 d5 2. c4 g6 3. Nf3 Bg7 4. Nc3 Nf6 5. Bg5 dxc4 6. e3 Be6 7. Qa4+ c6 8. Ne5
b5 9. Nxb5 cxb5 10. Qxb5+ Bd7 11. Qxc4 O-O 12. b4 Nc6 13. f4 Rc8 14. Qb3 Nxe5
15. dxe5 Ne4 16. Rd1 Rc3 17. Qb2 Rxe3+ 18. Be2 Nc3 19. Rd2 Qb6 20. Bxe7 Rxe2+
21. Rxe2 Nxe2 22. Bxf8 Bxf8 23. Kxe2 Bxb4 24. Kf3 Bc6+ 25. Kg4 Bd7+ 26. Kf3
Qb7+ 27. Ke3 Bc5+ 28. Qd4 Bxd4+ 29. Kxd4 Qb6+ 30. Kd3 Bf5+ 31. Kd2 Qd4+ 32. Ke2
Bg4+ 33. Ke1 Qe3+ 0-1

[Event "I Weekend B"]
[Site "Noale ITA"]
[Date "2008.02.10"]
[Round "5"]
[White "Menin, Massimo"]
[Black "De Col, Daniele"]
[Result "1-0"]
[WhiteElo "1520"]
[BlackElo "1427"]
[PlyCount "95"]
[EventDate "2008.02.08"]

1. e4 d5 2. exd5 Qxd5 3. Nc3 Qa5 4. d4 Nf6 5. Bd2 c6 6. Ne4 Qc7 7. Nxf6+ gxf6
8. g3 Bf5 9. Bg2 Nd7 10. c3 e6 11. Qc1 Nb6 12. b3 e5 13. Nf3 Be4 14. O-O O-O-O
15. dxe5 Bxf3 16. Bxf3 fxe5 17. Bg5 Be7 18. Bxe7 Qxe7 19. Qc2 Qg5 20. Rad1 f5
21. h4 Qf6 22. Rxd8+ Rxd8 23. c4 e4 24. Bg2 Nd7 25. Rd1 Ne5 26. Rxd8+ Kxd8 27.
Qd2+ Kc7 28. Qf4 Qe6 29. Bh3 Kd8 30. Qxf5 Qxf5 31. Bxf5 h6 32. Bxe4 Ke7 33. f4
Ng4 34. Bf3 h5 35. Bxg4 hxg4 36. Kf2 Kf6 37. Ke3 Kf5 38. c5 Ke6 39. Kd4 Kf5 40.
a3 Ke6 41. b4 Kf5 42. h5 Kf6 43. h6 Kg6 44. h7 Kxh7 45. Ke5 Kg7 46. Kd6 Kf6 47.
Kc7 b6 48. Kxc6 1-0

[Event "I Weekend B"]
[Site "Noale ITA"]
[Date "2008.02.10"]
[Round "5"]
[White "Patuelli, Matteo"]
[Black "Lucich, Gianni"]
[Result "1-0"]
[WhiteElo "1419"]
[BlackElo "1565"]
[PlyCount "87"]
[EventDate "2008.02.08"]

1. Nf3 Nf6 2. g3 d5 3. Bg2 c6 4. O-O Bf5 5. d3 e6 6. Nbd2 Bd6 7. c3 Nbd7 8. Qc2
h6 9. Re1 O-O 10. e4 dxe4 11. dxe4 Bg6 12. Qb3 Qc7 13. Nh4 Nc5 14. Qd1 Nd3 15.
Nxg6 fxg6 16. Re3 Ne5 17. Re2 Bc5 18. b4 Bb6 19. c4 c5 20. b5 Rad8 21. Qc2 Rd6
22. f4 Rxd2 23. Rxd2 Nf7 24. e5 Ne8 25. Qxg6 Ba5 26. Be4 Nd8 27. Qh7+ Kf7 28.
Bg6+ Ke7 29. Rd3 Nf7 30. Bxf7 Rxf7 31. Qe4 Kf8 32. Be3 Qe7 33. Qf3 g5 34. Qh5
Rh7 35. fxg5 hxg5 36. Rf1+ Kg8 37. Qxg5+ Qxg5 38. Bxg5 Rh5 39. h4 Rh7 40. Bd8
Bc7 41. Bxc7 Nxc7 42. Rd8+ Kg7 43. Rd7+ Kg6 44. Rxh7 1-0

[Event "I Weekend B"]
[Site "Noale ITA"]
[Date "2008.02.10"]
[Round "5"]
[White "Rigato, Leonardo"]
[Black "Franceschini, Corrado"]
[Result "0-1"]
[WhiteElo "1583"]
[BlackElo "1614"]
[PlyCount "72"]
[EventDate "2008.02.08"]

1. d4 Nf6 2. c4 g6 3. Nc3 Bg7 4. Nf3 O-O 5. e4 d6 6. Bd3 e5 7. d5 Nbd7 8. O-O
a5 9. a4 Nc5 10. Bc2 Ng4 11. Bd2 Bh6 12. h3 Bxd2 13. Qxd2 Nf6 14. Ng5 h6 15.
Nf3 Kg7 16. Rad1 Nh5 17. Ne2 Bd7 18. g4 Nf6 19. Ng3 Nh7 20. Nh2 Qh4 21. Qe3 Ng5
22. Nf3 Qxh3 23. Nxg5 hxg5 24. Nh5+ gxh5 25. Qxh3 Rh8 26. Qe3 f6 27. Kg2 Bxg4
28. f3 Bd7 29. b3 Rh6 30. Rh1 b6 31. Rdg1 Be8 32. Kf2 Bg6 33. Rg2 Nd7 34. Bd1
Rg8 35. Qc3 Nc5 36. Qb2 Nd3+ 0-1

[Event "I Weekend B"]
[Site "Noale ITA"]
[Date "2008.02.10"]
[Round "5"]
[White "Simionato, Jessica"]
[Black "Faggian, Diego"]
[Result "1/2-1/2"]
[WhiteElo "1389"]
[BlackElo "1359"]
[PlyCount "67"]
[EventDate "2008.02.08"]

1. d4 Nf6 2. c4 e6 3. Nc3 Bb4 4. Qc2 b6 5. Nf3 Bb7 6. Bg5 d6 7. e3 Nbd7 8. Bd3
h6 9. Bh4 g5 10. Bg3 c5 11. a3 Bxc3+ 12. bxc3 Qe7 13. O-O g4 14. Nh4 Nh5 15. e4
Nxg3 16. fxg3 Rg8 17. d5 e5 18. Nf5 Qf6 19. Qd2 Rg6 20. Nh4 Qg5 21. Qxg5 Rxg5
22. Nf5 Rg6 23. Rf2 Rd8 24. Raf1 Nf8 25. Nxh6 Rxh6 26. Rxf7 Nd7 27. Be2 Rg6 28.
Rh7 Ba6 29. Rff7 Bc8 30. Re7+ Kf8 31. Re6 Nf6 32. Rhe7 Nxe4 33. Rxa7 Nxc3 34.
Bd3 1/2-1/2

[Event "I Weekend B"]
[Site "Noale ITA"]
[Date "2008.02.10"]
[Round "5"]
[White "Sorbera, Giovanni"]
[Black "Goattin, Luca"]
[Result "1/2-1/2"]
[WhiteElo "1848"]
[BlackElo "1774"]
[PlyCount "97"]
[EventDate "2008.02.08"]

1. e4 Nf6 2. e5 Nd5 3. Nc3 Nxc3 4. dxc3 d6 5. Nf3 g6 6. Bc4 Bg7 7. Bf4 O-O 8.
O-O Nc6 9. Re1 Bg4 10. exd6 exd6 11. h3 Qf6 12. Bg5 Qxg5 13. Nxg5 Bxd1 14.
Raxd1 h6 15. Nf3 Ne5 16. Nxe5 Bxe5 17. g3 Rfe8 18. Re3 Bg7 19. Rde1 Kf8 20. Kf1
Re5 21. Rxe5 Bxe5 22. f4 Bg7 23. Kf2 Re8 24. Rd1 Rd8 25. a4 c6 26. a5 d5 27.
Be2 Ke7 28. f5 gxf5 29. Bd3 Be5 30. Bxf5 f6 31. Ra1 Kd6 32. Ra4 Rg8 33. g4 Kc7
34. Ra1 Re8 35. Bd3 Rh8 36. Re1 Re8 37. Kf3 Rg8 38. c4 Kd6 39. cxd5 cxd5 40. c4
h5 41. cxd5 hxg4+ 42. hxg4 Rh8 43. Re2 Rh3+ 44. Ke4 Rg3 45. Rd2 Rxg4+ 46. Kf3
Rg3+ 47. Ke4 Rg4+ 48. Kf3 Rg3+ 49. Ke4 1/2-1/2

[Event "I Weekend B"]
[Site "Noale ITA"]
[Date "2008.02.10"]
[Round "5"]
[White "Tasson, Giovanni"]
[Black "Casale, Anania"]
[Result "0-1"]
[WhiteElo "1517"]
[BlackElo "1739"]
[PlyCount "54"]
[EventDate "2008.02.08"]

1. e4 e5 2. Nf3 Nc6 3. Bb5 a6 4. Ba4 Nf6 5. d3 b5 6. Bb3 Be7 7. O-O O-O 8. Nc3
d6 9. h3 Bb7 10. Be3 Na5 11. Kh1 Nxb3 12. axb3 c5 13. Nh2 d5 14. exd5 Nxd5 15.
Nxd5 Qxd5 16. f3 f5 17. Qe2 Rae8 18. Rac1 Bf6 19. c4 bxc4 20. Rxc4 e4 21. fxe4
fxe4 22. dxe4 Rxe4 23. Rd1 Rxe3 24. Qg4 Qe6 25. Qh5 Re1+ 26. Nf1 Rxd1 27. Qxd1
Qxh3+ 0-1

[Event "I Weekend B"]
[Site "Noale ITA"]
[Date "2008.02.10"]
[Round "5"]
[White "Tonolo, Maurizio"]
[Black "Nardin, Antonio"]
[Result "1/2-1/2"]
[WhiteElo "1734"]
[BlackElo "1485"]
[PlyCount "52"]
[EventDate "2008.02.08"]

1. c4 c5 2. Nc3 Nc6 3. g3 d6 4. Bg2 Nf6 5. d3 e6 6. e4 Be7 7. Nge2 O-O 8. O-O
a6 9. d4 Qc7 10. d5 exd5 11. exd5 Ne5 12. b3 Bf5 13. f4 Ng6 14. h3 h5 15. Kh2
Kh7 16. Ng1 Rh8 17. Nf3 Kg8 18. Ng5 Nh7 19. Be4 Qd7 20. Nxh7 Rxh7 21. Bxf5 Qxf5
22. Re1 Bf6 23. Bd2 Bxc3 24. Bxc3 Nxf4 25. gxf4 Qxf4+ 26. Kh1 Qg3 1/2-1/2

[Event "I Weekend B"]
[Site "Noale ITA"]
[Date "2008.02.10"]
[Round "5"]
[White "Trangoni, Bruno"]
[Black "De Nardi, Riccardo"]
[Result "1-0"]
[WhiteElo "1972"]
[BlackElo "1959"]
[PlyCount "120"]
[EventDate "2008.02.08"]

1. Nf3 Nf6 2. d4 g6 3. c4 Bg7 4. Nc3 O-O 5. e4 d6 6. Be2 c6 7. h3 a6 8. O-O b5
9. Qb3 Nbd7 10. e5 dxe5 11. dxe5 Nc5 12. Qa3 Nfe4 13. cxb5 cxb5 14. Nxb5 Bxh3
15. Nc3 Bf5 16. Rd1 Qb8 17. Nd5 Re8 18. Be3 e6 19. Nf6+ Bxf6 20. exf6 Nb7 21.
Bg5 Nxg5 22. Nxg5 Qf4 23. Nf3 e5 24. g3 Qe4 25. Re1 Qc6 26. Qb4 Be4 27. Rac1 a5
28. Qb3 Qxf6 29. Nd2 Nd6 30. Bf1 Rab8 31. Qa3 Ba8 32. Bg2 Bxg2 33. Kxg2 Nf5 34.
Qxa5 Nd4 35. Qc3 Qb6 36. b3 Qa6 37. a4 Ne2 38. Qc6 Qd3 39. Rcd1 Nd4 40. Qd5
Rbd8 41. Qc4 Qxc4 42. Nxc4 Nxb3 43. Rxe5 Kf8 44. Rxd8 Rxd8 45. a5 Ra8 46. Rb5
Nd4 47. Nb6 Nxb5 48. Nxa8 Ke7 49. Kf3 f5 50. Kf4 Kf6 51. Ke3 Ke5 52. a6 g5 53.
Nb6 f4+ 54. Kf3 Nc7 55. a7 Kf5 56. g4+ Kg6 57. Nc4 Kf6 58. Ke4 Ke6 59. Nb6 h6
60. Nd5 Kd6 1-0

[Event "I Weekend B"]
[Site "Noale ITA"]
[Date "2008.02.10"]
[Round "5"]
[White "Zen, Gianni"]
[Black "Chiesa, Roberto"]
[Result "0-1"]
[WhiteElo "1449"]
[BlackElo "1733"]
[PlyCount "80"]
[EventDate "2008.02.08"]

1. e4 e6 2. d4 d5 3. exd5 exd5 4. c4 Bb4+ 5. Nc3 Ne7 6. Nf3 O-O 7. Be2 dxc4 8.
Bxc4 Nd5 9. Bxd5 Qxd5 10. O-O Qh5 11. Re1 Nc6 12. Bg5 Bg4 13. Bf4 Bxf3 14. Qxf3
Qxf3 15. gxf3 Nxd4 16. Re4 Bxc3 17. bxc3 Ne6 18. Rd1 Rad8 19. Rde1 c5 20. a4
Rd3 21. R1e3 Rd1+ 22. Kg2 h6 23. c4 Rd4 24. Be5 Rxe4 25. fxe4 Rd8 26. Bc3 b6
27. Kg3 g5 28. Kg4 Nf4 29. f3 Kh7 30. Kf5 Re8 31. Kf6 Kg8 32. Bd2 Re6+ 33. Kf5
Rd6 34. Bc3 Ng2 35. Re2 Nh4+ 36. Kg4 Rd3 37. Be1 Nxf3 38. e5 Nxe1 39. Rxe1 Rd4+
40. Kh3 Kg7 0-1